000
00336nam a2200169Ia 4500
100
_a
REGO/A.G.
650
_a
PHILOPSOPHY
942
_c
BK
366
_f
25
654
_a
ESSAYS
245
_a
ESSAYS
260
_b
BETTER YOURSELF BOOK
_a
Bandra
_c
2005
082
_a
170/REG
_b
REG
300
_a
142
546
_a
ENGLISH
999
_c
27456
_d
27456